[Event "OPEN B - XVII MIEDZYNARODOWY FESTIWAL S"]
[Site "GOLD CHESS Open  - Rewal"]
[Date "2012.??.??"]
[Round "2.19"]
[White "Nowak, Ryszard"]
[Black "Misztal, Piotr"]
[Result "0-1"]
[WhiteElo "2046"]
[BlackElo "1778"]
[PlyCount "40"]
[EventDate "2012.??.??"]

1. c4 Nf6 2. Nc3 d5 3. cxd5 Nxd5 4. g3 g6 5. Bg2 Nb6 6. Nf3 Bg7 7. O-O Nc6 8.
d3 O-O 9. Be3 e5 10. Nd2 Nd4 11. Nb3 c6 12. Nc5 Nd7 13. Nxd7 Bxd7 14. Rb1 Qc8
15. Qd2 f5 16. Bh6 f4 17. Bxg7 Kxg7 18. Ne4 Bh3 19. Rfc1 Bxg2 20. Kxg2 Nxe2 0-1

[Event "OPEN B - XVII MIEDZYNARODOWY FESTIWAL S"]
[Site "GOLD CHESS Open  - Rewal"]
[Date "2012.??.??"]
[Round "2.20"]
[White "Poswiatowski, Stanislaw"]
[Black "Obiedzinski, Pawel"]
[Result "1/2-1/2"]
[WhiteElo "1700"]
[BlackElo "2040"]
[PlyCount "34"]
[EventDate "2012.??.??"]

1. d4 Nf6 2. Nf3 e6 3. c4 d5 4. cxd5 exd5 5. Nc3 c6 6. Qc2 Bd6 7. Bg5 Nbd7 8.
e3 O-O 9. Bd3 h6 10. Bh4 b5 11. O-O b4 12. Na4 Bb7 13. Rfc1 Qe8 14. Bxf6 Nxf6
15. Nc5 Bc8 16. Bf5 Bxf5 17. Qxf5 Rc8 1/2-1/2

[Event "OPEN B - XVII MIEDZYNARODOWY FESTIWAL S"]
[Site "GOLD CHESS Open  - Rewal"]
[Date "2012.??.??"]
[Round "2.21"]
[White "Lebiedowicz, Borys"]
[Black "Jablonska, Sabina"]
[Result "1-0"]
[WhiteElo "1730"]
[BlackElo "1979"]
[PlyCount "53"]
[EventDate "2012.??.??"]

1. e4 d5 2. exd5 Qxd5 3. Nc3 Qd6 4. Nf3 Nf6 5. d4 a6 6. Be2 e6 7. O-O Nbd7 8.
Be3 b5 9. Nd2 Bb7 10. f3 c5 11. dxc5 Nxc5 12. Nb3 Qc7 13. Qe1 Nxb3 14. axb3 Bd6
15. Qh4 b4 16. Ne4 Qxc2 17. Bc4 Nd5 18. Bc5 Bxc5+ 19. Nxc5 Bc6 20. Ne4 Qxb2 21.
Nd6+ Kd7 22. Nxf7 Qf6 23. Qxf6 gxf6 24. Nxh8 Rxh8 25. Rxa6 Ne3 26. Bxe6+ Kxe6
27. Rc1 1-0

[Event "OPEN B - XVII MIEDZYNARODOWY FESTIWAL S"]
[Site "GOLD CHESS Open  - Rewal"]
[Date "2012.??.??"]
[Round "2.22"]
[White "Jaskiewicz, Kamila"]
[Black "Widla, Piotr"]
[Result "0-1"]
[WhiteElo "1661"]
[BlackElo "1961"]
[PlyCount "60"]
[EventDate "2012.??.??"]

1. Nf3 c5 2. c4 g6 3. g3 Bg7 4. Bg2 Nf6 5. O-O O-O 6. d4 d6 7. Nc3 Na6 8. a3
Qc7 9. Nb5 Qd8 10. dxc5 Nxc5 11. b4 Ne6 12. Bb2 a6 13. Nbd4 Nxd4 14. Bxd4 Qc7
15. c5 dxc5 16. Bxc5 Rd8 17. Qc1 Ne4 18. Rb1 Bf5 19. Rb3 Rac8 20. Qe3 Nxc5 21.
Qxc5 Qd7 22. Qe3 Bc2 23. Rbb1 Bxb1 24. Rxb1 Rc3 25. Qb6 Rxa3 26. Nh4 Ra2 27.
Qxb7 Qxb7 28. Bxb7 Rb8 29. Bf3 Ra1 30. Rxa1 Bxa1 0-1

[Event "OPEN B - XVII MIEDZYNARODOWY FESTIWAL S"]
[Site "GOLD CHESS Open  - Rewal"]
[Date "2012.??.??"]
[Round "2.23"]
[White "Krzysztofiak, Zdzislaw"]
[Black "Hasinski, Krystian"]
[Result "1/2-1/2"]
[WhiteElo "1671"]
[BlackElo "1925"]
[PlyCount "126"]
[EventDate "2012.??.??"]

1. e4 c6 2. d4 d5 3. exd5 cxd5 4. Nc3 Nf6 5. Nf3 Nc6 6. Bb5 a6 7. Ba4 b5 8. Bb3
Bg4 9. Be3 e6 10. h3 Bh5 11. g4 Bg6 12. Ne5 Nxe5 13. dxe5 Nd7 14. Bd4 h5 15.
Rg1 hxg4 16. hxg4 Qg5 17. Qd2 Qxd2+ 18. Kxd2 Bc5 19. Rh1 O-O-O 20. Ke3 f6 21.
f4 fxe5 22. fxe5 Be7 23. Raf1 Bg5+ 24. Ke2 Kc7 25. Nd1 Rxh1 26. Rxh1 Bf4 27. c3
Bxe5 28. Be3 Kd6 29. Nf2 Nc5 30. Bd1 Ne4 31. Nxe4+ Bxe4 32. Rh5 Rc8 33. Kd2 Bg6
34. Rh3 Bf6 35. g5 Be5 36. Rh4 Ke7 37. a4 Rc4 38. Rh8 bxa4 39. Be2 Rc6 40. Ra8
a3 41. bxa3 Bxc3+ 42. Kd1 Kd6 43. Bxa6 Bh5+ 44. Be2 Bxe2+ 45. Kxe2 d4 46. Bd2
Ke5 47. Bxc3 Rxc3 48. a4 Ke4 49. Ra7 Ra3 50. Rxg7 Ra2+ 51. Kf1 Rxa4 52. Rf7 Ra5
53. g6 Rg5 54. g7 e5 55. Kf2 Kd5 56. Kf3 Ke6 57. Ra7 Kf6 58. Ra6+ Kxg7 59. Ke4
Kh7 60. Re6 Rg3 61. Rxe5 d3 62. Rd5 Kg6 63. Rxd3 Rxd3 1/2-1/2

[Event "OPEN B - XVII MIEDZYNARODOWY FESTIWAL S"]
[Site "GOLD CHESS Open  - Rewal"]
[Date "2012.??.??"]
[Round "2.24"]
[White "Birkenmaier, Rainer"]
[Black "Maliszewski, Jacek"]
[Result "1-0"]
[WhiteElo "2099"]
[BlackElo "1720"]
[PlyCount "71"]
[EventDate "2012.??.??"]

1. d4 d5 2. Nf3 c6 3. c3 Nf6 4. Bf4 Bf5 5. Qb3 Qb6 6. Nbd2 Nbd7 7. e3 e6 8. Be2
Be7 9. O-O O-O 10. h3 Ne4 11. Nxe4 Bxe4 12. Nd2 Bg6 13. c4 Qxb3 14. Nxb3 dxc4
15. Bxc4 Nb6 16. Rfc1 a5 17. a4 Nxc4 18. Rxc4 Be4 19. Nc5 b5 20. Rcc1 Bd5 21.
Nd7 Rfd8 22. Nb6 Ra6 23. Bc7 Re8 24. axb5 cxb5 25. Nxd5 exd5 26. Rxa5 Rxa5 27.
Bxa5 Ra8 28. b4 Rb8 29. Rc7 Bd8 30. Ra7 Bxa5 31. Rxa5 Kf8 32. Ra7 Ke8 33. Rc7
Ra8 34. Rb7 Ra1+ 35. Kh2 Rb1 36. Rxb5 1-0

[Event "OPEN B - XVII MIEDZYNARODOWY FESTIWAL S"]
[Site "GOLD CHESS Open  - Rewal"]
[Date "2012.??.??"]
[Round "2.25"]
[White "Jasnikowska, Malgorzata"]
[Black "Grochulski, Grzegorz"]
[Result "0-1"]
[WhiteElo "1725"]
[BlackElo "2095"]
[PlyCount "54"]
[EventDate "2012.??.??"]

1. e4 g6 2. d4 Bg7 3. Nf3 d6 4. Bc4 a6 5. a4 c5 6. c3 Qc7 7. Qe2 cxd4 8. cxd4
Be6 9. Nbd2 Bxc4 10. Nxc4 Nc6 11. Be3 Rc8 12. Ncd2 Nf6 13. O-O O-O 14. Rfc1 d5
15. e5 Ne4 16. Nxe4 dxe4 17. Nd2 Rfd8 18. Nxe4 Nxd4 19. Qg4 Nc2 20. Bf4 Bxe5
21. Bxe5 Qxe5 22. Ng3 f5 23. Qf3 Nxa1 24. Rxa1 Qxb2 25. Re1 Rc1 26. Qe3 Rxe1+
27. Qxe1 Qf6 0-1

[Event "OPEN B - XVII MIEDZYNARODOWY FESTIWAL S"]
[Site "GOLD CHESS Open  - Rewal"]
[Date "2012.??.??"]
[Round "2.26"]
[White "Jaskolka, Tomasz"]
[Black "Drabek, Jan"]
[Result "1-0"]
[WhiteElo "2037"]
[BlackElo "1698"]
[PlyCount "33"]
[EventDate "2012.??.??"]

1. e4 c5 2. Nf3 Nc6 3. d4 cxd4 4. Nxd4 Nf6 5. Nc3 g6 6. Bc4 Bg7 7. Nxc6 bxc6 8.
e5 Ng8 9. Qf3 f6 10. O-O a5 11. Re1 f5 12. Ne4 Nh6 13. Nd6+ exd6 14. exd6+ Kf8
15. Re7 Ba6 16. Qc3 Rg8 17. Bxh6 1-0

[Event "OPEN B - XVII MIEDZYNARODOWY FESTIWAL S"]
[Site "GOLD CHESS Open  - Rewal"]
[Date "2012.??.??"]
[Round "2.27"]
[White "Niedbal, Piotr"]
[Black "Kowalczyk, Adam"]
[Result "1-0"]
[WhiteElo "1693"]
[BlackElo "1896"]
[PlyCount "125"]
[EventDate "2012.??.??"]

1. e4 c5 2. c3 d5 3. exd5 Qxd5 4. d4 Nf6 5. Nf3 e6 6. Bd3 Nc6 7. O-O cxd4 8.
cxd4 Be7 9. Nc3 Qd8 10. Bg5 O-O 11. Rc1 h6 12. Bh4 Nb4 13. Bb1 Nfd5 14. Bxe7
Qxe7 15. Ne5 Rd8 16. Nxd5 Nxd5 17. Qd3 f5 18. Rfd1 Bd7 19. a3 Ba4 20. Bc2 Bxc2
21. Rxc2 Rac8 22. Rdc1 Rxc2 23. Rxc2 Qd6 24. Qb3 Nb6 25. h3 Nd7 26. Nf3 b6 27.
Qa4 e5 28. Qc4+ Kh8 29. Qc7 Qxc7 30. Rxc7 exd4 31. Nxd4 Nc5 32. Nxf5 Rd7 33.
Rxd7 Nxd7 34. Kf1 Ne5 35. Nd6 Nd3 36. b4 a6 37. Nc8 b5 38. Ke2 Nf4+ 39. Kf3 Nd5
40. Nd6 Nc3 41. Ne4 Nb1 42. Nc5 Nxa3 43. Nxa6 Nc2 44. Ke4 Kh7 45. Kd5 Ne1 46.
g3 Nd3 47. f3 Kg6 48. Kc6 Ne5+ 49. Kxb5 Nxf3 50. Kc5 Ne5 51. b5 Kf5 52. Kd5 Nd7
53. Nc5 Nb6+ 54. Kc6 Nc4 55. b6 h5 56. b7 Na5+ 57. Kd5 Nxb7 58. Nxb7 h4 59.
Nd6+ Kg5 60. g4 Kf4 61. Ne4 Kf3 62. Ke5 Kg2 63. Ng5 1-0

[Event "OPEN B - XVII MIEDZYNARODOWY FESTIWAL S"]
[Site "GOLD CHESS Open  - Rewal"]
[Date "2012.??.??"]
[Round "2.28"]
[White "Blaszkiewicz, Mateusz"]
[Black "Przybylska, Agata"]
[Result "1/2-1/2"]
[WhiteElo "1879"]
[BlackElo "1689"]
[PlyCount "65"]
[EventDate "2012.??.??"]

1. e4 e6 2. d4 d5 3. e5 c5 4. c3 Nc6 5. Nf3 Qb6 6. a3 Bd7 7. b4 cxb4 8. cxb4
Rc8 9. Bb2 f6 10. Bd3 fxe5 11. Nxe5 Nxe5 12. dxe5 Ne7 13. O-O g6 14. Nc3 Bg7
15. Na4 Bxa4 16. Qxa4+ Nc6 17. b5 O-O 18. bxc6 Qxb2 19. Rab1 b5 20. Bxb5 Qxe5
21. Qxa7 Rf7 22. Qc5 Bf8 23. Qc1 Bd6 24. g3 Rcf8 25. a4 Rf3 26. Qb2 Qf5 27. Be2
Rxf2 28. Qb6 Qc2 29. Rxf2 Bc5 30. Qb2 Bxf2+ 31. Kg2 Qe4+ 32. Kh3 h5 33. c7
1/2-1/2

[Event "OPEN B - XVII MIEDZYNARODOWY FESTIWAL S"]
[Site "GOLD CHESS Open  - Rewal"]
[Date "2012.??.??"]
[Round "2.29"]
[White "Bobryk, Konrad"]
[Black "Hadzicki, Tomasz"]
[Result "1-0"]
[WhiteElo "1616"]
[BlackElo "1858"]
[PlyCount "53"]
[EventDate "2012.??.??"]

1. d4 f5 2. c4 e6 3. Nc3 d6 4. e4 c6 5. f4 b6 6. Nf3 a6 7. Bd3 Nd7 8. O-O Ne7
9. Be3 Bb7 10. Qc2 Qc7 11. Rfe1 O-O-O 12. b4 e5 13. d5 c5 14. bxc5 Nxc5 15.
fxe5 dxe5 16. Rab1 Ng6 17. Bf1 h5 18. Rb2 h4 19. Reb1 Nf4 20. Rxb6 g5 21. Kh1
Ba8 22. Bxc5 Bxc5 23. Rxa6 Kd7 24. Nb5 Qc8 25. Rf6 Ke7 26. Rxf5 g4 27. Nxe5 1-0

[Event "OPEN B - XVII MIEDZYNARODOWY FESTIWAL S"]
[Site "GOLD CHESS Open  - Rewal"]
[Date "2012.??.??"]
[Round "2.30"]
[White "Czerniawski, Krzysztof"]
[Black "Warchol, Maria"]
[Result "0-1"]
[WhiteElo "1569"]
[BlackElo "1841"]
[PlyCount "76"]
[EventDate "2012.??.??"]

1. d4 d5 2. Nf3 c6 3. e3 e6 4. Bd3 f5 5. Ne5 Nf6 6. b3 Bd6 7. f4 O-O 8. O-O c5
9. Bb2 Nc6 10. Nd2 Bd7 11. a3 Qb6 12. Ndf3 Be8 13. Nxc6 bxc6 14. Ng5 Bh5 15.
Qc1 Rae8 16. Re1 h6 17. Nf3 Bxf3 18. gxf3 cxd4 19. Bxd4 c5 20. Be5 Nd7 21. Qb2
Rf7 22. Kf2 Qb8 23. Bxd6 Qxd6 24. Bb5 e5 25. fxe5 Rxe5 26. f4 Re6 27. Rad1 Nf6
28. b4 Ng4+ 29. Kf3 Nxh2+ 30. Kg2 Ng4 31. Qc3 Qe7 32. Qxc5 Qh4 33. e4 Qh2+ 34.
Kf1 Qxf4+ 35. Ke2 Rxe4+ 36. Kd3 Nf2+ 37. Kc3 Nxd1+ 38. Rxd1 Rc7 0-1

[Event "OPEN B - XVII MIEDZYNARODOWY FESTIWAL S"]
[Site "GOLD CHESS Open  - Rewal"]
[Date "2012.??.??"]
[Round "2.31"]
[White "Lopuszanski, Kamil"]
[Black "Wilk, Tomasz"]
[Result "1-0"]
[WhiteElo "1840"]
[BlackElo "1667"]
[PlyCount "47"]
[EventDate "2012.??.??"]

1. e4 c5 2. Nf3 Nc6 3. d4 cxd4 4. Nxd4 g6 5. Nc3 Bg7 6. Be3 Nf6 7. Bc4 O-O 8.
Bb3 d6 9. f3 Bd7 10. Qd2 Qa5 11. O-O-O Rfc8 12. h4 Ne5 13. h5 Nxh5 14. g4 Nf6
15. Bh6 Nc4 16. Bxc4 Rxc4 17. Bxg7 Kxg7 18. Qh6+ Kg8 19. Nd5 Rac8 20. Nxe7+ Kh8
21. e5 Ba4 22. Nxc8 Bxc2 23. Qf8+ Ng8 24. Rxh7+ 1-0

[Event "OPEN B - XVII MIEDZYNARODOWY FESTIWAL S"]
[Site "GOLD CHESS Open  - Rewal"]
[Date "2012.??.??"]
[Round "2.32"]
[White "Hagner, Pawel"]
[Black "Nun, Ryszard"]
[Result "0-1"]
[WhiteElo "1823"]
[BlackElo "1652"]
[PlyCount "68"]
[EventDate "2012.??.??"]

1. d4 Nf6 2. Nf3 g6 3. Bf4 d5 4. e3 c5 5. c3 cxd4 6. exd4 Nc6 7. Nbd2 Bg7 8. h3
a6 9. a4 Nd7 10. Be2 O-O 11. O-O e5 12. dxe5 Ndxe5 13. Re1 Re8 14. Qb3 Na5 15.
Qa2 Nac6 16. Rad1 Bf5 17. Nxe5 Nxe5 18. Nf3 Bc2 19. Rd2 Nxf3+ 20. gxf3 Bf5 21.
Bg3 Bxh3 22. Qxd5 Qxd5 23. Rxd5 Be6 24. Rdd1 Bb3 25. Ra1 Bf8 26. Bf4 Re6 27.
Be3 Rae8 28. Rec1 Bd5 29. Rd1 Bc6 30. Rd2 Bc5 31. Bxc5 Rxe2 32. Rxe2 Rxe2 33.
b4 Re5 34. b5 Rh5 0-1

[Event "OPEN B - XVII MIEDZYNARODOWY FESTIWAL S"]
[Site "GOLD CHESS Open  - Rewal"]
[Date "2012.??.??"]
[Round "2.33"]
[White "Knap, Jerzy"]
[Black "Murawko, Julia"]
[Result "1/2-1/2"]
[WhiteElo "1798"]
[BlackElo "1607"]
[PlyCount "68"]
[EventDate "2012.??.??"]

1. d4 d5 2. c4 e6 3. Nc3 Nf6 4. Nf3 c6 5. e3 Nbd7 6. a3 Bd6 7. Bd3 O-O 8. O-O
Re8 9. Re1 e5 10. dxe5 Nxe5 11. Nxe5 Bxe5 12. Qc2 Be6 13. cxd5 cxd5 14. Bd2 Rc8
15. Qa4 a6 16. Rac1 Qb6 17. Qb4 Qxb4 18. axb4 b5 19. f4 Bd6 20. Ne2 Bd7 21.
Rxc8 Rxc8 22. Ra1 Rc6 23. Nd4 Rb6 24. h3 h5 25. Bc3 Ne4 26. Bxe4 dxe4 27. Nb3
Be6 28. Nc5 Bxc5 29. bxc5 Rc6 30. b4 Bc4 31. Be5 f6 32. Bd6 g6 33. Kf2 Kf7 34.
g4 h4 1/2-1/2

[Event "OPEN B - XVII MIEDZYNARODOWY FESTIWAL S"]
[Site "GOLD CHESS Open  - Rewal"]
[Date "2012.??.??"]
[Round "2.34"]
[White "Wodecki, Michal"]
[Black "Janke, Georg"]
[Result "1/2-1/2"]
[WhiteElo "1440"]
[BlackElo "1794"]
[PlyCount "41"]
[EventDate "2012.??.??"]

1. e4 e6 2. d4 d5 3. Nc3 Bb4 4. exd5 exd5 5. Bd3 Ne7 6. Nf3 O-O 7. O-O c6 8.
Re1 Ng6 9. Bg5 f6 10. Bd2 Bg4 11. h3 Bd7 12. Ne2 Bd6 13. Ng3 Bxg3 14. fxg3 Qc7
15. Kh2 Re8 16. c4 Ne7 17. Qc2 g6 18. cxd5 Nxd5 19. Bh6 Nb4 20. Qb3+ Nd5 21.
Qc2 1/2-1/2

[Event "OPEN B - XVII MIEDZYNARODOWY FESTIWAL S"]
[Site "GOLD CHESS Open  - Rewal"]
[Date "2012.??.??"]
[Round "2.35"]
[White "Lewtak, Dominik"]
[Black "Woloch, Oskar"]
[Result "1/2-1/2"]
[WhiteElo "1776"]
[BlackElo "1564"]
[PlyCount "46"]
[EventDate "2012.??.??"]

1. e4 e5 2. Nf3 Nc6 3. Bb5 f5 4. Bxc6 dxc6 5. d4 exd4 6. Nxd4 fxe4 7. Qh5+ Kd7
8. O-O Nf6 9. Qg5 Ke8 10. c3 Qd5 11. Qg3 Qd7 12. Bg5 Bd6 13. Qh4 Qg4 14. Bxf6
gxf6 15. Qxg4 Bxg4 16. Re1 Rg8 17. Nd2 h5 18. h3 Bd7 19. Nc4 Rg5 20. Nxd6+ cxd6
21. Rxe4+ Re5 22. Rae1 Rxe4 23. Rxe4+ Kf7 1/2-1/2

[Event "OPEN B - XVII MIEDZYNARODOWY FESTIWAL S"]
[Site "GOLD CHESS Open  - Rewal"]
[Date "2012.??.??"]
[Round "2.37"]
[White "Szeglowski, Tomasz"]
[Black "Strek, Jaroslaw"]
[Result "1-0"]
[WhiteElo "1757"]
[BlackElo "1493"]
[PlyCount "91"]
[EventDate "2012.??.??"]

1. c4 e6 2. Nf3 Nf6 3. Nc3 Bb4 4. a3 Bxc3 5. bxc3 O-O 6. g3 b6 7. Bg2 Bb7 8.
O-O d6 9. d4 c5 10. Bg5 Nbd7 11. Qb3 Qc7 12. Rfd1 Rab8 13. Rac1 h6 14. Bf4 Nh5
15. Be3 Nhf6 16. Bf4 Nh5 17. Be3 Nhf6 18. h3 Rfe8 19. g4 g5 20. Qc2 Be4 21. Qd2
Kf8 22. Ne1 Bxg2 23. Nxg2 Ne4 24. Qd3 Ndf6 25. f3 Ng3 26. d5 exd5 27. cxd5 c4
28. Qd2 Nge4 29. fxe4 Rxe4 30. Rf1 Qe7 31. Rf3 Rb7 32. Rcf1 Ne8 33. Ne1 f6 34.
Nc2 Qe5 35. Kg2 Re7 36. Rf5 Rxe3 37. Rxe5 R3xe5 38. Nd4 Re3 39. Ne6+ R7xe6 40.
dxe6 Rxe6 41. Rf2 a5 42. Qd5 Re5 43. Qxc4 Rc5 44. Qd3 b5 45. Rxf6+ Nxf6 46.
Qxd6+ 1-0

[Event "OPEN B - XVII MIEDZYNARODOWY FESTIWAL S"]
[Site "GOLD CHESS Open  - Rewal"]
[Date "2012.??.??"]
[Round "2.38"]
[White "Baran, Dawid"]
[Black "Huchler, Harald"]
[Result "1/2-1/2"]
[WhiteElo "1740"]
[BlackElo "1446"]
[PlyCount "26"]
[EventDate "2012.??.??"]

1. e4 e6 2. d4 d5 3. e5 c5 4. c3 Nc6 5. Nf3 cxd4 6. cxd4 Bb4+ 7. Nc3 Nge7 8.
Bd3 Nf5 9. Bxf5 exf5 10. O-O O-O 11. Re1 Ba5 12. Nb5 Bxe1 13. Nxe1 Qb6 1/2-1/2

[Event "OPEN B - XVII MIEDZYNARODOWY FESTIWAL S"]
[Site "GOLD CHESS Open  - Rewal"]
[Date "2012.??.??"]
[Round "2.39"]
[White "Sikorski, Tomasz"]
[Black "Wodecki, Mikolaj"]
[Result "1-0"]
[WhiteElo "1735"]
[BlackElo "1300"]
[PlyCount "53"]
[EventDate "2012.??.??"]

1. e4 e5 2. Nc3 Nf6 3. Bc4 Nc6 4. d3 Bb4 5. f4 d5 6. fxe5 dxc4 7. exf6 Qxf6 8.
Bd2 cxd3 9. cxd3 Qd4 10. Qc2 O-O 11. Nf3 Qb6 12. Nd5 Qa5 13. Nxb4 Nxb4 14. Qc3
Qb5 15. Qxb4 Qxd3 16. O-O-O Re8 17. Bf4 Qa6 18. Kb1 Be6 19. b3 Bg4 20. Bxc7 Qc6
21. Rc1 Qg6 22. Ne5 Qh5 23. Nxg4 Qxg4 24. Qxb7 Qxg2 25. Rhg1 Qe2 26. Be5 Rad8
27. Rxg7+ 1-0

[Event "OPEN B - XVII MIEDZYNARODOWY FESTIWAL S"]
[Site "GOLD CHESS Open  - Rewal"]
[Date "2012.??.??"]
[Round "3.1"]
[White "Swiatloch, Tomasz"]
[Black "Bes, Michal"]
[Result "0-1"]
[WhiteElo "2099"]
[BlackElo "1977"]
[PlyCount "68"]
[EventDate "2012.??.??"]

1. e4 c5 2. Nf3 d6 3. d4 Nf6 4. Nc3 cxd4 5. Nxd4 g6 6. Be2 Bg7 7. O-O O-O 8.
Be3 Nc6 9. Kh1 Nxd4 10. Bxd4 e5 11. Be3 Be6 12. f4 exf4 13. Bxf4 d5 14. Bg5 h6
15. exd5 Bf5 16. Bh4 Qd6 17. Qd2 Rac8 18. Rad1 Qb4 19. Be1 Qxb2 20. Rb1 Qxc2
21. Rxb7 Rxc3 22. Qxc3 Qxe2 23. Rf2 Qe4 24. Qb4 Qxd5 25. Rd2 Qe5 26. Re7 Qa1
27. h3 Be6 28. Qh4 g5 29. Qf2 Ne4 30. Qe3 Nxd2 31. Qxd2 Rc8 32. Kh2 Be5+ 33.
Bg3 Bxg3+ 34. Kxg3 Qc3+ 0-1

[Event "OPEN B - XVII MIEDZYNARODOWY FESTIWAL S"]
[Site "GOLD CHESS Open  - Rewal"]
[Date "2012.??.??"]
[Round "3.2"]
[White "Gora, Jan"]
[Black "Kaczmarek, Aleksander"]
[Result "0-1"]
[WhiteElo "1975"]
[BlackElo "2097"]
[PlyCount "96"]
[EventDate "2012.??.??"]

1. d4 c5 2. d5 Nf6 3. c4 b5 4. cxb5 a6 5. b6 d6 6. Nc3 Nbd7 7. Qa4 Rb8 8. e4
Rxb6 9. Qa5 g6 10. Nf3 Bg7 11. Be2 O-O 12. Nd2 Rb8 13. Qxd8 Rxd8 14. Nc4 Nb6
15. Na5 Bd7 16. a4 Ne8 17. Bd2 Nc7 18. b3 e6 19. dxe6 Nxe6 20. Rc1 Nd4 21. Bd1
Nc8 22. O-O Be6 23. Ne2 Ne7 24. Nxd4 Bxd4 25. Bc3 Bxc3 26. Rxc3 Rdc8 27. Be2
Nc6 28. Nxc6 Rxc6 29. a5 Rxb3 30. Rxb3 Bxb3 31. Rc1 c4 32. Bd1 Bxd1 33. Rxd1 f5
34. f3 Kf7 35. Kf2 fxe4 36. fxe4 Ke6 37. Ke3 Rc5 38. Rc1 Ke5 39. Ra1 c3 40. Kd3
c2 41. Rc1 Rxa5 42. Rxc2 Ra3+ 43. Kc4 Kxe4 44. Re2+ Re3 45. Ra2 d5+ 46. Kb4 Kd4
47. g3 Re1 48. Rd2+ Ke4 0-1

[Event "OPEN B - XVII MIEDZYNARODOWY FESTIWAL S"]
[Site "GOLD CHESS Open  - Rewal"]
[Date "2012.??.??"]
[Round "3.3"]
[White "Malec, Sebastian"]
[Black "Czepczynski, Boguslaw"]
[Result "1-0"]
[WhiteElo "2093"]
[BlackElo "1971"]
[PlyCount "53"]
[EventDate "2012.??.??"]

1. e4 g6 2. d4 Bg7 3. Nc3 d6 4. Be3 Nf6 5. h3 O-O 6. g4 e5 7. d5 c5 8. Bg2 a6
9. a4 b6 10. Nge2 Ra7 11. Ng3 Ne8 12. h4 f5 13. exf5 gxf5 14. gxf5 Bxf5 15.
Nxf5 Rxf5 16. Bg5 Qc7 17. Be4 Rf8 18. Qh5 Nf6 19. Bxf6 Bxf6 20. Bf5 Kh8 21. Ne4
Qd8 22. O-O-O Rg7 23. Rdg1 Rff7 24. Be6 Rxg1+ 25. Rxg1 Rf8 26. Qg4 h6 27. Qg6
1-0

[Event "OPEN B - XVII MIEDZYNARODOWY FESTIWAL S"]
[Site "GOLD CHESS Open  - Rewal"]
[Date "2012.??.??"]
[Round "3.4"]
[White "Ziaja, Krystian"]
[Black "Reza, Wojciech"]
[Result "1/2-1/2"]
[WhiteElo "1822"]
[BlackElo "2090"]
[PlyCount "65"]
[EventDate "2012.??.??"]

1. e4 e6 2. d4 d5 3. exd5 exd5 4. Bd3 Bd6 5. c3 Nc6 6. Nf3 Nge7 7. O-O Bg4 8.
b4 a6 9. a4 Qd7 10. Re1 O-O 11. Nbd2 Ng6 12. Nf1 Nh4 13. Be2 Ng6 14. h3 Bxf3
15. Bxf3 Nce7 16. Ne3 c6 17. Ng4 f6 18. Qd3 Rfe8 19. Bd2 b5 20. axb5 axb5 21.
g3 Rxa1 22. Rxa1 Qc7 23. Ne3 Kh8 24. Nf5 Nxf5 25. Qxf5 Bxg3 26. Bh5 Ne7 27. Qe6
Bh2+ 28. Kh1 Rg8 29. f4 Bxf4 30. Bxf4 Qxf4 31. Qxe7 Qg3 32. Qe6 h6 33. Rf1
1/2-1/2

[Event "OPEN B - XVII MIEDZYNARODOWY FESTIWAL S"]
[Site "GOLD CHESS Open  - Rewal"]
[Date "2012.??.??"]
[Round "3.5"]
[White "Jacek, Krystian"]
[Black "Jewulski, Krzysztof"]
[Result "1-0"]
[WhiteElo "2071"]
[BlackElo "1950"]
[PlyCount "133"]
[EventDate "2012.??.??"]

1. e4 e5 2. Nf3 Nf6 3. Nxe5 d6 4. Nf3 Nxe4 5. Nc3 Nxc3 6. dxc3 Be7 7. Bf4 O-O
8. Qd2 Nc6 9. O-O-O Bg4 10. Be2 Bf6 11. h3 Bh5 12. g4 Bg6 13. h4 Be4 14. Rh3
Be5 15. Ng5 f5 16. Ne6 Qc8 17. Nxf8 fxg4 18. Rg3 Qxf8 19. Bxe5 Nxe5 20. Bxg4
Qf6 21. Qe3 Bc6 22. Be2 Qxh4 23. Rdg1 Ng6 24. Bd3 Re8 25. Qd4 Qxd4 26. cxd4 Be4
27. Re3 Bc6 28. Bxg6 hxg6 29. Rxe8+ Bxe8 30. Kd2 Kf7 31. Ke3 Kf6 32. Rh1 g5 33.
Rh8 Ke7 34. Kf3 Bd7 35. Ra8 a6 36. Rb8 a5 37. d5 b6 38. Ke4 g6 39. Kd4 Bf5 40.
c3 Kd7 41. b4 c5+ 42. bxc5 bxc5+ 43. Kc4 Kc7 44. Rb5 a4 45. Ra5 Bd7 46. Ra7+
Kc8 47. a3 Kd8 48. Ra8+ Ke7 49. Ra7 Kd8 50. Rxd7+ Kxd7 51. Kb5 Kc7 52. Kxa4 c4
53. f3 g4 54. fxg4 g5 55. Kb5 Kb7 56. Kxc4 Ka6 57. Kb4 Kb6 58. c4 Ka6 59. c5
dxc5+ 60. Kxc5 Kb7 61. Kd6 Kb6 62. Ke7 Kc5 63. d6 Kc4 64. d7 Kb3 65. d8=Q Kxa3
66. Qd2 Kb3 67. Qxg5 1-0

[Event "OPEN B - XVII MIEDZYNARODOWY FESTIWAL S"]
[Site "GOLD CHESS Open  - Rewal"]
[Date "2012.??.??"]
[Round "3.6"]
[White "Zurkowski, Andrzej"]
[Black "Budzinski, Jan"]
[Result "0-1"]
[WhiteElo "2017"]
[BlackElo "1913"]
[PlyCount "72"]
[EventDate "2012.??.??"]

1. d4 d5 2. Nf3 Nf6 3. g3 e6 4. Bg2 Nbd7 5. O-O Be7 6. c4 O-O 7. Qc2 b6 8. Ne5
Bb7 9. cxd5 Nxe5 10. dxe5 Nxd5 11. a3 c5 12. b3 Qb8 13. Bb2 b5 14. Nd2 Rc8 15.
e4 Nb6 16. a4 bxa4 17. bxa4 c4 18. Bc3 Nd7 19. Rfb1 Qc7 20. f4 Rab8 21. h3 Ba6
22. Kh2 Nc5 23. Rxb8 Rxb8 24. Bd4 Nb3 25. Nxb3 Rxb3 26. Rc1 Qd7 27. Bf2 Qxa4
28. Bf1 Qa3 29. Qd1 Rb2 30. Kg1 h5 31. Ra1 Qc3 32. Qd4 Qb4 33. Rxa6 Rxf2 34.
Rc6 Rf3 35. Rc8+ Kh7 36. Rxc4 Qe1 0-1

[Event "OPEN B - XVII MIEDZYNARODOWY FESTIWAL S"]
[Site "GOLD CHESS Open  - Rewal"]
[Date "2012.??.??"]
[Round "3.9"]
[White "Malinowski, Damian"]
[Black "Hasanov, Sahib"]
[Result "1-0"]
[WhiteElo "1827"]
[BlackElo "2068"]
[PlyCount "53"]
[EventDate "2012.??.??"]

1. c4 f5 2. g3 Nf6 3. Bg2 g6 4. Nc3 d6 5. d3 Bg7 6. e4 c6 7. Nge2 e5 8. O-O O-O
9. b4 f4 10. gxf4 exf4 11. Bxf4 Nd5 12. cxd5 Bxc3 13. Rc1 Be5 14. Bxe5 dxe5 15.
Qb3 Kg7 16. Qc3 Qd6 17. f4 Re8 18. d4 cxd5 19. fxe5 Qb6 20. Qf3 Qe6 21. exd5
Qe7 22. d6 Qe6 23. Nf4 Qf5 24. Nd5 Na6 25. Qxf5 Bxf5 26. b5 Bd3 27. bxa6 1-0

[Event "OPEN B - XVII MIEDZYNARODOWY FESTIWAL S"]
[Site "GOLD CHESS Open  - Rewal"]
[Date "2012.??.??"]
[Round "3.10"]
[White "Rak, Tomasz"]
[Black "Trepkowski, Piotr"]
[Result "1-0"]
[WhiteElo "2066"]
[BlackElo "1786"]
[PlyCount "91"]
[EventDate "2012.??.??"]

1. d4 d5 2. Nf3 Nf6 3. Bf4 g6 4. Nbd2 Bg7 5. h3 O-O 6. e3 Nc6 7. Rc1 Bf5 8. g4
Be6 9. Ng5 Bd7 10. c4 h6 11. Ngf3 e6 12. Bd3 Rc8 13. Bb1 Qe7 14. a3 a5 15. Rg1
dxc4 16. Nxc4 Nd5 17. Bh2 b5 18. Nce5 Nxe5 19. Nxe5 Be8 20. Rc5 b4 21. Kf1 bxa3
22. bxa3 Qh4 23. Kg2 Rb8 24. Bg3 Qe7 25. Qc2 Rb5 26. Rc1 a4 27. Ba2 Rxc5 28.
Qxc5 Bxe5 29. Qxe7 Nxe7 30. Bxe5 Bc6+ 31. Kg3 Rc8 32. Bb1 Bb5 33. Rxc7 Rxc7 34.
Bxc7 Nd5 35. Ba5 Kf8 36. e4 Nf6 37. f4 Ke7 38. g5 hxg5 39. fxg5 Nd7 40. Kf4 Kd6
41. Bc2 Nb8 42. Bb4+ Kc6 43. Bd1 Nd7 44. h4 Nb6 45. h5 e5+ 46. Kxe5 1-0

[Event "OPEN B - XVII MIEDZYNARODOWY FESTIWAL S"]
[Site "GOLD CHESS Open  - Rewal"]
[Date "2012.??.??"]
[Round "3.11"]
[White "Steppuhn, Thomas"]
[Black "Czernicki, Bogdan"]
[Result "1/2-1/2"]
[WhiteElo "2039"]
[BlackElo "1850"]
[PlyCount "83"]
[EventDate "2012.??.??"]

1. d4 Nf6 2. Nf3 g6 3. e3 Bg7 4. c4 O-O 5. Nc3 d6 6. Be2 c6 7. O-O Bg4 8. b4 e6
9. a4 Bxf3 10. Bxf3 d5 11. Qb3 dxc4 12. Qxc4 Nd5 13. Nxd5 cxd5 14. Qb3 Nd7 15.
Ba3 Nb6 16. Be2 Rc8 17. Rac1 Qd7 18. Bb5 Qd6 19. a5 Nd7 20. Ba4 Rfd8 21. b5 Qb8
22. b6 axb6 23. Rxc8 Qxc8 24. Rc1 Qa8 25. axb6 Bf8 26. Bxf8 Kxf8 27. Qb4+ Kg7
28. h3 Rc8 29. Rxc8 Qxc8 30. Qd6 Qc1+ 31. Kh2 Nf6 32. Bd7 Ne4 33. Qe5+ Kh6 34.
Be8 Qe1 35. Bxf7 Nxf2 36. Qf4+ Kg7 37. Qe5+ Kxf7 38. Qc7+ Kg8 39. Qd8+ Kg7 40.
Qe7+ Kh6 41. Qh4+ Kg7 42. Qe7+ 1/2-1/2